Statistics for Wonky Word Clicking - Y

Click here to take the quiz!

General Stats

  • This quiz has been taken 109 times
    (98 since last reset)
  • The average score is 12 of 15

Answer Stats

HintAnswer% Correct
Yoohoo
97%
Yuletide
97%
Yum-yum
97%
Yin-yang
95%
Yeehaw
94%
Yesteryear
89%
Yeoman
89%
Yammering
85%
Yobbo
84%
Yowza
81%
Yakuza
76%
Yaffingale
71%
Yashmak
65%
Yakitori
63%
Yawping
60%

Score Distribution

Percentile by Number Answered

Percent of People with Each Score

Your Score History

You have not taken this quiz since the last reset